000 00610nam a22002297a 4500
003 UA-OsUOA
001 119058
007 ta
008 20161003b un ||||| |||| 00| 0 ukr d
100 _aГолик О.
700 _aЯровенко Т.
090 _a82
_bГ60
942 _cSA
040 _aUA-OsUOA
_bukr
_cUA-OsUOA
_dUA-OsUOA
245 _aВинниченко - драматург. Українська література
300 _aС.59
955 _a0
041 _aukr
080 _a82
773 0 _w119054
650 7 _a82 Література. Літературознавство
_2UDC
999 _c405372
_d405372